Erase una vez la Candelaria… / (Registro nro. 3754)

Detalles MARC
000 -LEADER
fixed length control field 00980nam a2200217Ia 4500
003 - CONTROL NUMBER IDENTIFIER
control field OSt
005 - DATE AND TIME OF LATEST TRANSACTION
control field 20200415131228.0
008 - FIXED-LENGTH DATA ELEMENTS--GENERAL INFORMATION
fixed length control field 191128t1997 ck a er 000 j spa d
020 ## - INTERNATIONAL STANDARD BOOK NUMBER
International Standard Book Number 9589427146
040 ## - CATALOGING SOURCE
Original cataloging agency CO-JMCR
Transcribing agency CO-JMCR
041 0# - LANGUAGE CODE
Language code of text/sound track or separate title spa
082 04 - DEWEY DECIMAL CLASSIFICATION NUMBER
Classification number C /
Item number ERAe
100 ## - MAIN ENTRY--PERSONAL NAME
Personal name Corporación la Candelaria
9 (RLIN) 3051
245 10 - TITLE STATEMENT
Title Erase una vez la Candelaria… /
Statement of responsibility, etc. Corporación la Candelaria
260 ## - PUBLICATION, DISTRIBUTION, ETC.
Place of publication, distribution, etc. Bogotá :
Name of publisher, distributor, etc. Corporación la Candelaria : Alcadía Mayor de Santa Fe de Bogotá : Instituto para el Desarrollo de la Democracia Luis Carlos Galán,
Date of publication, distribution, etc. ©1997
300 ## - PHYSICAL DESCRIPTION
Extent 57 páginas :
Other physical details ilustraciones a color ;
Dimensions 22 cm.
490 0# - SERIES STATEMENT
Series statement Programa educación para la democracia
520 ## - SUMMARY, ETC.
Summary, etc. Queremos contarte una de las historias de La Candelaria. La hicimos para todos los niños de la ciudad, a partir de las ideas y fantasías de otros niños que ya la han vivido y gozado. Anímate a conocer La Candelaria.
650 14 - SUBJECT ADDED ENTRY--TOPICAL TERM
Topical term or geographic name entry element Cuentos colombianos
9 (RLIN) 3053
942 ## - ADDED ENTRY ELEMENTS (KOHA)
Source of classification or shelving scheme Dewey Decimal Classification
Koha item type Books
Existencias
Withdrawn status Lost status Source of classification or shelving scheme Damaged status Not for loan Collection code Home library Current library Date acquired Source of acquisition Cost, normal purchase price Total Checkouts Full call number Barcode Date last seen Date last checked out Copy number Koha item type Total Renewals Price effective from
    Dewey Decimal Classification     Fiction Biblioteca Pública José María del Castillo y Rada Biblioteca Pública José María del Castillo y Rada 11/28/2019 Donación 0.00 15 C / ERAe 201808058 11/19/2025 11/19/2025 Ej.1 Books    
    Dewey Decimal Classification     Fiction Biblioteca Pública José María del Castillo y Rada Biblioteca Pública José María del Castillo y Rada 10/02/2020 Donación 0.00 15 C / ERAe 201810052 11/19/2025 11/19/2025 Ej.2 Books 2 10/20/2020